| 000 | 00629nam a22002297a 4500 | ||
|---|---|---|---|
| 001 | 126 | ||
| 003 | DO-SdBNP | ||
| 005 | 20180122112806.0 | ||
| 007 | 126 | ||
| 008 | 151117b1995 cr 00| 0 spa d | ||
| 020 | _a997747 | ||
| 040 |
_aBPMSU _bspa _cBPMSU |
||
| 092 |
_aXXXX _bXXXX |
||
| 100 | _aR. de Arias, Eulogia | ||
| 245 | 1 | 3 |
_aEl copé de la pintada _b(mi bella y querida patria chica) _cEulogia R. de Arias |
| 260 |
_aCosta Rica : _bLitografĂa e imprenta Lil ; _c1995. |
||
| 300 |
_a128 p. _bretrs. _c21 cm. |
||
| 910 | _a202 | ||
| 942 |
_2ddc _cBK |
||
| 945 | _aInventariado extranjero / 2018 VM | ||
| 956 | _aYngrid E. Lockward E. | ||
| 999 |
_c8745 _d8745 |
||